Southville International School and Colleges
Your cart is empty.
  • Cart
  • Lists
    Public lists Eva Luna New books Lux_list list_1
    Your lists Log in to create your own lists
  • Log in to your account
  • Your cookies
  • Search history
Southville International School and Colleges
  • Advanced search
  • Recent comments
  • Most popular
  • Libraries

Log in to your account

Log in with GOOGLE


If you do not have an external account, but do have a local account, you can still log in:

  1. Home
  2. MARC view: Go to school, Charlie Brown! /
Normal view MARC view ISBD view

Go to school, Charlie Brown! / (Record no. 111370)

[ view plain ]
MARC details
000 -LEADER
fixed length control field 00568nam a2200193 a 4500
001 - CONTROL NUMBER
control field 3199
005 - DATE AND TIME OF LATEST TRANSACTION
control field 20140414131914.0
008 - FIXED-LENGTH DATA ELEMENTS--GENERAL INFORMATION
fixed length control field 060202s19uu xx 00 eng d
020 ## - INTERNATIONAL STANDARD BOOK NUMBER
International Standard Book Number 0-689-86818-9
050 ## - LIBRARY OF CONGRESS CALL NUMBER
Classification number ER
Item number G54 2004
100 ## - MAIN ENTRY--PERSONAL NAME
Personal name Katchske, Judy
245 ## - TITLE STATEMENT
Title Go to school, Charlie Brown! /
Statement of responsibility, etc Adapted by Judy Katschske.
260 ## - PUBLICATION, DISTRIBUTION, ETC. (IMPRINT)
Place of publication, distribution, etc New York :
Name of publisher, distributor, etc Little Simon,
Date of publication, distribution, etc 2004.
300 ## - PHYSICAL DESCRIPTION
Extent 1 v. p. : ill. ; cm.
440 ## - SERIES STATEMENT/ADDED ENTRY--TITLE
Title Peanuts
500 ## - GENERAL NOTE
General note Based on the comic strips by Charles M. Schulz.
650 ## - SUBJECT ADDED ENTRY--TOPICAL TERM
Topical term or geographic name as entry element School
General subdivision Fiction
-- Children stories.
Holdings
Withdrawn status Lost status Damaged status Use restrictions Home library Current library Shelving location Date acquired Source of acquisition Cost, normal purchase price Total Checkouts Full call number Barcode Date last seen Price effective from Koha item type
        Munich Library Munich Library Easy Reading Section 02/02/2006   193.00   ER G54 2004 M2074 04/14/2014 04/14/2014 Books

Go to school, Charlie Brown! /

APA

Katchske J., . (2004). Go to school, Charlie Brown!. New York: Little Simon.

Chicago

Katchske Judy, . 2004. Go to school, Charlie Brown!. New York: Little Simon.

Harvard

Katchske J., . (2004). Go to school, Charlie Brown!. New York: Little Simon.

MLA

Katchske Judy, . Go to school, Charlie Brown!. New York: Little Simon. 2004.

  • Place hold
  • Print
  • Cite
  • Add to your cart (remove)
  • Save record
    BIBTEX Dublin Core MARCXML MARC (non-Unicode/MARC-8) MARC (Unicode/UTF-8) MARC (Unicode/UTF-8, Standard) MODS (XML) RIS
  • More searches
    Search for this title in:
    Other Libraries (WorldCat) Other Databases (Google Scholar) Online Stores (Bookfinder.com) Open Library (openlibrary.org)

Exporting to Dublin Core...

SOUTHVILLE LIBRARY

Southville International School and Colleges Library

1281 Tropical Ave. Cor. Luxembourg St., BF Homes International, Las Pinas City

Tel. No. 8256374 / 252358 Loc. 117/146

Powered by Koha